| 000 | 00363nam a2200109Ia 4500 | ||
|---|---|---|---|
| 008 | 200302s9999 xx 000 0 und d | ||
| 100 | _aAlessandro Biamonti | ||
| 245 | _aArchiflop A Guide to the most spectacular failures in the history of modern and contemporary architecture | ||
| 260 | _bNiggli Imprint of Bnb media gmbh Zurich | ||
| 260 | _c2017 | ||
| 300 | _a187 | ||
| 999 |
_c7383 _d7383 |
||